Detalles MARC
| 000 -CABECERA |
| campo de control de longitud fija |
01646nam a2200253 a 4500 |
| 001 - NÚMERO DE CONTROL |
| campo de control |
000047467 |
| 005 - FECHA Y HORA DE LA ÚLTIMA TRANSACCIÓN |
| campo de control |
20240308073618.0 |
| 008 - DATOS DE LONGITUD FIJA--INFORMACIÓN GENERAL |
| campo de control de longitud fija |
180606s2017 dr 000 0 spa d |
| 020 ## - NÚMERO INTERNACIONAL ESTÁNDAR DEL LIBRO |
| Número Internacional Estándar del Libro |
9789945908824 |
| 040 ## - FUENTE DE LA CATALOGACIÓN |
| Centro catalogador/agencia de origen |
DO-SdBNP |
| Lengua de catalogación |
spa |
| Centro/agencia transcriptor |
BNPHU |
| 082 ## - NÚMERO DE LA CLASIFICACIÓN DECIMAL DEWEY |
| Número de clasificación |
xxxx |
| Número de documento/Ítem |
D325b |
| 100 1# - ENTRADA PRINCIPAL--NOMBRE DE PERSONA |
| Nombre de persona |
Deive, Carlos Esteban, |
| Fechas asociadas al nombre |
1935-2019 |
| 9 (RLIN) |
1916 |
| 245 10 - MENCIÓN DE TÍTULO |
| Título |
Bibliotecas privadas y vida cotidiana en la colonia de Santo Domingo / |
| Mención de responsabilidad, etc. |
Carlos Esteban Deive ; presentacion Aquiles Castro. |
| 260 ## - PUBLICACIÓN, DISTRIBUCIÓN, ETC. |
| Lugar de publicación, distribución, etc. |
Santo Domingo : |
| Nombre del editor, distribuidor, etc. |
Archivo General de la Nación, |
| Fecha de publicación, distribución, etc. |
2017. |
| 300 ## - DESCRIPCIÓN FÍSICA |
| Extensión |
501 p. ; |
| Dimensiones |
23 cm. |
| 490 1# - MENCIÓN DE SERIE |
| Mención de serie |
Archivo General de la Nación |
| Designación de volumen o secuencia |
314 |
| 500 ## - NOTA GENERAL |
| Nota general |
Incluye datos biográficos del autor en las solapas. |
| 500 ## - NOTA GENERAL |
| Nota general |
Índice onomástico |
| 504 ## - NOTA DE BIBLIOGRAFÍA, ETC. |
| Nota de bibliografía, etc. |
Incluye bibliografía al final de los capítulos |
| 505 0# - NOTA DE CONTENIDO CON FORMATO |
| Nota de contenido con formato |
BIBLIOTECAS PRIVADAS: |
| Título |
Las obras que Colón leyó -- |
| -- |
Una vendedora de libros -- |
| -- |
Erasmo viaja a Santo Domingo -- |
| -- |
La biblioteca de un cronista -- |
| -- |
Las Casas, erudito y bibliófilo -- |
| -- |
Entre la magia y la medicina-- |
| -- |
Un inventor de genealogías -- |
| -- |
Tres inventarios y los impresos de un mulato -- |
| -- |
Los trasumptos de un hatero -- |
| -- |
Un crítico de la oratoria sagrada -- |
| -- |
VIDA COTIDIANA: |
| -- |
La ciudad de Santo Domingo -- |
| -- |
Universidades -- |
| -- |
Defensa de la colonia -- |
| -- |
La vida religiosa -- |
| -- |
La honra, ese bien tan preciado -- |
| -- |
El todopoderoso sexo -- |
| -- |
Abusos y corrupciones -- |
| -- |
Médicos y enfermedades -- |
| -- |
Diversiones -- |
| -- |
Actividad intelectual -- |
| -- |
Autores de los siglos XVII al XIX -- |
| -- |
Comida, vestimenta y vivienda. |
| 590 ## - NOTA LOCAL (RLIN) |
| Nota local |
Inventariado, 2018/LP |
| 700 1# - PUNTO DE ACCESO ADICIONAL--NOMBRE DE PERSONA |
| Nombre de persona |
Castro, Aquiles, |
| Término indicativo de función/relación |
prest. |
| 9 (RLIN) |
23129 |
| 830 #0 - PUNTO DE ACCESO ADICIONAL DE SERIE-TÍTULO UNIFORME |
| Título uniforme |
Archivo General de la Nación ; |
| Número de parte o sección de la obra |
314 |
| 9 (RLIN) |
75091 |